素数大富豪3枚3桁 - Statistics

General Stats
  • This quiz has been taken 119 times
  • The average score is 34 of 73
Answer Stats
Answer % Correct
997
80%
991
72%
971
63%
211
59%
311
59%
881
59%
911
59%
983
59%
941
57%
641
54%
661
54%
811
54%
821
54%
643
52%
647
52%
827
52%
877
52%
887
52%
977
52%
223
50%
227
50%
421
50%
431
50%
631
50%
829
50%
947
50%
151
48%
229
48%
331
48%
521
48%
691
48%
823
48%
863
48%
929
48%
937
48%
953
48%
967
48%
233
46%
541
46%
677
46%
751
46%
773
46%
857
46%
193
43%
653
43%
733
43%
757
43%
761
43%
853
43%
859
43%
883
43%
257
41%
317
41%
523
41%
727
41%
743
41%
271
39%
293
39%
439
39%
449
39%
557
39%
599
39%
659
39%
673
39%
263
37%
433
37%
443
37%
499
37%
547
37%
269
35%
353
35%
487
35%
383
33%
No matching quizzes found
Score Distribution
Percent of People with Each Score
Percentile by Number Answered
Your Score History
You have not taken this quiz